| 000 | 00953nam a2200289 i 4500 | ||
|---|---|---|---|
| 001 | 15562 | ||
| 003 | ES-MaACL | ||
| 005 | 20230906151114.0 | ||
| 007 | t| | ||
| 008 | 000330s1998 sp ||||0| spa j | ||
| 020 | _a84-323-0969-9 | ||
| 040 |
_aM-BN _bspa _cM-BN |
||
| 080 | _a27(460.23)"15/16" | ||
| 100 | 1 |
_aKamen, Henry. _967471 |
|
| 245 | 1 | 0 |
_aCambio cultural en la sociedad del siglo de oro _b: Cataluña y Castilla, siglos XVI-XVII / _cpor Henry Kamen ; [traducción de Carlo A. Caranci, Paloma Sánchez del Moral]. |
| 250 | _a1ª ed. en castellano. | ||
| 260 |
_aMadrid : _bSiglo XXI de España, _c1998. |
||
| 300 |
_aXI, 451 p. ; _c24 cm. |
||
| 490 | 1 | _aHistoria | |
| 650 | 1 | 4 |
_aContrarreforma- _zCataluña. _911323 |
| 700 | 1 |
_aCaranci, Carlos. _934949 |
|
| 700 | 1 |
_aSánchez del Moral, Paloma. _9102603 |
|
| 830 | 0 |
_aHistoria _9177536 |
|
| 852 |
_aES-MaACL _jL-22752 _bR.128074 |
||
| 999 |
_c15562 _d15562 |
||